Statistics for Biggest Cities in the Nordic Countries (Extreme)

Click here to take the quiz!

General Stats

  • This quiz has been taken 221 times
    (209 since last reset)
  • The average score is 101 of 357

Answer Stats

PopulationCountryCity% Correct
580,000NorwayOslo
100%
632,340DenmarkCopenhagen
98%
558,457FinlandHelsinki
98%
301,706SwedenMalmö
98%
975,904SwedenStockholm
98%
572,799SwedenGöteborg
95%
237,551DenmarkÅrhus
93%
213,585NorwayBergen
93%
147,139NorwayTrondheim
90%
128,618FinlandOulu
83%
202,687FinlandTampere
83%
175,945FinlandTurku
83%
149,245SwedenUppsala
83%
256,760FinlandEspoo
80%
145,931DenmarkOdense
78%
118,918IcelandReykjavík
78%
121,610NorwayStavanger
78%
122,219DenmarkAalborg
76%
104,250SwedenHelsingborg
71%
83,249SwedenUmeå
68%
93,797SwedenJönköping
66%
63,814NorwayKristiansand
66%
52,436NorwayTromsø
66%
190,058FinlandVantaa
66%
19,096NorwayLillehammer
63%
106,502SwedenLinköping
63%
93,765SwedenNorrköping
63%
90,722NorwayDrammen
61%
66,124SwedenHalmstad
61%
38,408SwedenKalmar
61%
115,765SwedenÖrebro
61%
117,746SwedenVästerås
61%
18,326Denmark (Greenland)Nuuk
59%
49,806SwedenÖstersund
59%
65,383SwedenVäxjö
59%
23,402SwedenVisby
59%
44,096NorwayÅlesund
56%
98,826FinlandLahti
56%
44,285DenmarkRoskilde
56%
34,781FinlandRovaniemi
56%
35,516SwedenSkellefteå
56%
34,073NorwayBodø
54%
72,205DenmarkEsbjerg
54%
74,884SwedenGävle
54%
12,152SwedenHöör
54%
61,492SwedenKarlstad
54%
39,762SwedenKristianstad
54%
43,574SwedenLuleå
54%
87,244SwedenLund
54%
12,513NorwaySki
54%
51,177DenmarkVejle
54%
71,700SwedenBorås
51%
67,359SwedenEskilstuna
51%
37,000SwedenFalun
51%
58,646DenmarkHorsens
51%
14,114NorwayNarvik
51%
32,224SwedenNyköping
51%
55,780DenmarkRanders
51%
57,606SwedenSundsvall
51%
34,248SwedenVarberg
51%
35,048DenmarkHelsingør
49%
85,026FinlandJyväskylä
49%
36,550FinlandRauma
49%
57,014FinlandVaasa
49%
18,806SwedenYstad
49%
24,099SwedenFalkenberg
46%
29,479NorwayHamar
46%
44,763DenmarkHerning
46%
36,477SwedenKarlskrona
46%
55,363DenmarkKolding
46%
23,067SwedenPiteå
46%
76,772FinlandPori
46%
70,777SwedenSödertälje
46%
34,831DenmarkViborg
46%
23,240SwedenÄngelholm
44%
41,955SwedenBorlänge
44%
10,362SwedenGällivare
44%
47,261FinlandHämeenlinna
44%
16,081SwedenHudiksvall
44%
17,037SwedenKiruna
44%
89,104FinlandKuopio
44%
18,287SwedenOskarshamn
44%
48,573SwedenTrollhättan
44%
34,781SwedenUddevalla
44%
21,178SwedenVästervik
44%
17,693IcelandAkureyri
41%
18,592SwedenEslöv
41%
24,103DenmarkFrederikshavn
41%
17,596NorwayGjøvik
41%
18,698SwedenKungsbacka
41%
59,276FinlandLappeenranta
41%
18,594NorwayMolde
41%
59,430SwedenMölndal
41%
50,595NorwaySkien
41%
31,896DenmarkSlagelse
41%
139,606SwedenSollentuna
41%
66,909SwedenSolna
41%
58,123SwedenTäby
41%
13,200Denmark (Faroe Islands)Tórshavn
41%
29,316SwedenTrelleborg
41%
13,716SwedenBollnäs
39%
22,553SwedenEnköping
39%
53,388FinlandJoensuu
39%
20,112SwedenKarlshamn
39%
32,229SwedenLandskrona
39%
23,113NorwayLarvik
39%
22,988SwedenLidköping
39%
10,682FinlandMariehamn
39%
40,660DenmarkNæstved
39%
19,365SwedenNorrtälje
39%
15,826DenmarkNyborg
39%
24,724SwedenSandviken
39%
41,674DenmarkSilkeborg
39%
19,061SwedenVärnamo
39%
10,841SwedenArboga
37%
12,490NorwayElverum
37%
17,852FinlandForssa
37%
21,970NorwayHalden
37%
18,426SwedenHärnösand
37%
30,853DenmarkHillerød
37%
36,670DenmarkHørsholm
37%
90,182SwedenHuddinge
37%
15,930IcelandKeflavík
37%
54,616FinlandKotka
37%
16,663SwedenKumla
37%
42,466SwedenLidingö
37%
17,853NorwayMo i Rana
37%
12,602SwedenMora
37%
17,719SwedenNässjö
37%
32,493SwedenÖrnsköldsvik
37%
34,377NorwayPorsgrunn
37%
23,119SwedenVänersborg
37%
12,077NorwayAlta
34%
72,760NorwayFredrikstad
34%
19,433NorwayHarstad
34%
24,634DenmarkHjørring
34%
19,238FinlandJakobstad
34%
35,375FinlandKajaani
34%
23,283SwedenKatrineholm
34%
22,641FinlandKemi
34%
31,719IcelandKópavogur
34%
18,355SwedenKöping
34%
16,785NorwayKristiansund
34%
24,101SwedenKungälv
34%
12,858SwedenMjölby
34%
28,676FinlandNokia
34%
20,815DenmarkSkive
34%
27,033DenmarkSønderborg
34%
18,901DenmarkBirkerød
32%
11,505SwedenEkerö
32%
11,936SwedenFagersta
32%
10,180SwedenGislaved
32%
26,808IcelandHafnarfjörður
32%
29,615FinlandImatra
32%
31,133FinlandKouvola
32%
10,151SwedenKungsängen
32%
46,550FinlandMikkeli
32%
30,944SwedenMotala
32%
22,083DenmarkNørresundby
32%
14,532SwedenNynäshamn
32%
24,900FinlandSalo
32%
12,259SwedenSöderhamn
32%
15,373SwedenStaffanstorp
32%
13,693SwedenSträngnäs
32%
36,534SwedenUpplands Väsby
32%
22,365FinlandVarkaus
32%
13,430SwedenVetlanda
32%
17,224NorwayAskøy
29%
32,920FinlandKirkkonummi
29%
15,359DenmarkLillerød
29%
16,122SwedenMariestad
29%
11,157SwedenOxelösund
29%
20,188DenmarkRingsted
29%
27,353FinlandSavonlinna
29%
30,916NorwayArendal
27%
12,807SwedenFinspång
27%
10,787SwedenHallstahammar
27%
33,885DenmarkKøge
27%
25,170SwedenNacka
27%
28,648SwedenPartille
27%
11,437SwedenSkara
27%
13,093SwedenStenungsund
27%
34,529SwedenSundbyberg
27%
10,495SwedenTimrå
27%
16,344DenmarkAabenraa
24%
36,946DenmarkFredericia
24%
12,365NorwayJessheim
24%
35,960FinlandLohja
24%
13,890DenmarkRønne
24%
63,032NorwaySandnes
24%
13,543DenmarkSkanderborg
24%
40,832SwedenTumba
24%
13,926SwedenArvika
22%
16,830SwedenBoden
22%
40,321NorwayHaugesund
22%
35,586FinlandKokkola
22%
12,368SwedenLomma
22%
47,192FinlandPorvoo
22%
26,451FinlandRiihimäki
22%
32,149FinlandSeinäjoki
22%
20,825DenmarkHaderslev
20%
18,557SwedenKristinehamn
20%
42,654NorwaySandefjord
20%
52,159NorwaySarpsborg
20%
26,329SwedenAlingsås
17%
15,245SwedenLudvika
17%
21,236FinlandTornio
17%
17,170SwedenFalköping
15%
14,317DenmarkGrenaa
15%
19,309SwedenHässleholm
15%
32,072DenmarkHolstebro
15%
43,515FinlandHyvinge
15%
14,692DenmarkIkast
15%
38,148FinlandJärvenpää
15%
27,490SwedenKarlskoga
15%
17,667NorwayKongsberg
15%
14,000NorwayLillestrøm
15%
13,596DenmarkMiddelfart
15%
17,579SwedenMölnlycke
15%
36,842SwedenSkövde
15%
32,659SwedenÅkersberga
12%
60,926NorwayAsker
12%
11,949SwedenAvesta
12%
13,138SwedenBålsta
12%
11,045DenmarkDragør
12%
95,029DenmarkFrederiksberg
12%
11,421IcelandGarðabær
12%
11,064DenmarkHobro
12%
24,544DenmarkHolbæk
12%
15,939DenmarkKalundborg
12%
31,347FinlandKerava
12%
10,600DenmarkKongens Lyngby
12%
15,785SwedenLjungby
12%
13,607FinlandNaantali
12%
12,612SwedenRonneby
12%
27,553DenmarkSvendborg
12%
30,977DenmarkTaastrup
12%
38,914NorwayTønsberg
12%
12,735DenmarkVarde
12%
18,376DenmarkFarum
10%
14,564DenmarkFrederikssund
10%
10,588DenmarkHaslev
10%
15,029DenmarkKorsør
10%
14,091FinlandLapua
10%
10,143NorwayMandal
10%
18,074FinlandMäntsälä
10%
14,081DenmarkNakskov
10%
16,807DenmarkNykøbing Falster
10%
11,009DenmarkOdder
10%
22,217FinlandRaahe
10%
20,000NorwaySteinkjer
10%
11,416NorwayStjørdalshalsen
10%
11,317DenmarkStruer
10%
13,020DenmarkThisted
10%
12,014DenmarkVordingborg
10%
12,482NorwayAskim
7%
40,000DenmarkBallerup
7%
11,671DenmarkBrønderslev
7%
40,000DenmarkCharlottenlund
7%
11,108DenmarkFløng
7%
12,176DenmarkFrederiksværk
7%
20,673DenmarkGlostrup
7%
47,671DenmarkGreve
7%
21,712FinlandHamina
7%
10,048DenmarkHedensted
7%
20,849FinlandHeinola
7%
20,405FinlandHollola
7%
49,380DenmarkHvidovre
7%
19,453DenmarkIshøj
7%
15,261FinlandJämsä
7%
24,291FinlandKangasala
7%
14,293FinlandKempele
7%
10,942FinlandKeuruu
7%
11,181NorwayKongsvinger
7%
13,703FinlandLieksa
7%
27,034SwedenMärsta
7%
13,039SwedenNybro
7%
30,000DenmarkRødovre
7%
13,087SwedenSala
7%
19,998DenmarkStenløse
7%
10,000DenmarkTårnby
7%
13,024DenmarkVærløse
7%
20,376FinlandValkeakoski
7%
13,500DenmarkVallensbæk
7%
30,000DenmarkAlbertslund
5%
13,048SwedenBunkeflostrand
5%
10,140DenmarkChristianshavn
5%
11,363NorwayDrøbak
5%
14,377FinlandEkenäs
5%
10,157SwedenEksjö
5%
11,358DenmarkEspergærde
5%
20,774SwedenGustavsberg
5%
11,524SwedenHanden
5%
74,968SwedenHaninge
5%
13,678NorwayHønefoss
5%
17,660NorwayHorten
5%
24,046SwedenJakobsberg
5%
15,698FinlandJanakkala
5%
10,757SwedenJordbro
5%
21,684FinlandKaarina
5%
17,400FinlandKuusamo
5%
11,028NorwayLeirvik
5%
26,913SwedenLerum
5%
15,466FinlandLovisa
5%
37,073FinlandNurmijärvi
5%
15,615FinlandPirkkala
5%
16,635FinlandSastamala
5%
20,209FinlandSiilinjärvi
5%
11,796SwedenSvedala
5%
10,129SwedenTorslanda
5%
14,550SwedenTranås
5%
10,629SwedenUlricehamn
5%
31,937SwedenVallentuna
5%
26,280FinlandVihti
5%
13,159FinlandYlivieska
5%
22,140FinlandYlöjärvi
5%
13,406FinlandÄänekoski
2%
10,308FinlandÄlajärvi
2%
11,400SwedenAlby
2%
14,874SwedenBilldal
2%
10,602SwedenBjuv
2%
14,889SwedenHöllviken
2%
21,500SwedenHuskvarna
2%
11,693FinlandIlmajoki
2%
12,381FinlandKankaanpää
2%
22,867FinlandKarhula
2%
15,019SwedenKinna
2%
10,254SwedenKista
2%
12,411FinlandKontiolahti
2%
10,214FinlandKuhmo
2%
10,628FinlandKurikka
2%
17,093FinlandLaukaa
2%
18,096FinlandLempäälä
2%
15,258FinlandLieto
2%
10,942SwedenLindome
2%
11,386FinlandLiperi
2%
11,908FinlandNurmo
2%
12,275SwedenOnsala
2%
14,603FinlandOrimattila
2%
11,962FinlandPargas
2%
23,597FinlandRaisio
2%
19,430FinlandSibbo
2%
13,605SwedenSkoghall
2%
10,368FinlandSotkamo
2%
34,725FinlandTuusula
2%
12,314FinlandUlvila
2%
16,226FinlandUusikaupunki
2%
10,931NorwayVennesla
2%
17,298FinlandHaukipudas
0%
10,603FinlandJoutseno
0%
14,526FinlandKauhajoki
0%
17,176FinlandKorsholm
0%
10,911NorwayNesoddtangen
0%
10,610FinlandNivala
0%
12,665SwedenOxie
0%
10,126FinlandPaimio
0%
16,000SwedenTullinge
0%

Score Distribution

Percentile by Number Answered

Percent of People with Each Score

Your Score History

You have not taken this quiz since the last reset